00794nam a22002177a 4500010001300000020001500013035001300028037001600041040001200057082001500069245010600084250001100190260005900201270005800260300002800318650003600346650004100382942002400423999001900447952011000466 aB-012089 a8175341080 aB-012089 aCen Lib/Ret aDPLbEN a340.7bUNI aUniversal's guide to LL.B. entrance examination 1998-99 /cedited by Manish Arora [and] Anita Abraham a8th ed aDelhi ; bUniversal Law Publishing Co. Pvt. Ltd.c1998 aUniversal Law Publishing Co. Pvt. Ltd.bDelhie110001 aviii, 492p ; b24cm(Hb) aLLB examination - guide9114847 aEntrance examination - guide9114848 2ddccENh340.7mUNI c136216d136216 00104070aLbLd2015-12-29eCen Lib/Retl0o340.7 UNIpB-012089r2015-12-29 00:00:00t1w2015-12-29yEN